Maxi všetko pre ženu

Bibliographic Details
Other Authors: Štrbková, Jana (Publishing director)
Format: Journal
Language:Slovak
PhysicalDescription:1 zv. 29 cm
Published: Bratislava Bauer Media SK 2010
ISSN:1338-1342
Subjects:

MARC

LEADER 00000cas a2200000 a 4500
001 vtls010081568
003 SK-MaSNL
005 20260228155959.0
008 100331d20102010xo wr p 0 b0slo
022 |a 1338-1342 
040 |a SVKBB  |b slo  |c SVKBB  |d SAVUK  |d SNK  |e AACR2 
041 0 |a slo 
044 |a xo  |c SK 
072 7 |a 379.8  |x Voľný čas. Prázdniny  |2 konspekt 
080 |a 379.8  |2 2011 
080 |a (051.055.2)  |2 2011 
080 |a 050  |2 2011 
210 0 |a Maxi všetko ženu 
222 0 |a Maxi všetko pre ženu 
245 0 0 |a Maxi  |b všetko pre ženu 
246 1 3 |a Maxi všetko pre ženu 
260 |a Bratislava  |b Bauer Media SK  |c 2010 
300 |a 1 zv.  |c 29 cm 
310 |a 1x týždenne 
362 0 |a Č. 12 (18. mar. 2010)-č. 51/52 (16. dec. 2010)  |z SKP/2011 
500 |a Šéfredaktorka: 12/2010-52/2010, Jana Štrbková 
500 |a Evidenčné číslo: EV 4019/10 
515 |a Niektoré čísla vychádzajú ako dvojčíslo 
650 0 7 |a voľný čas  |2 SNKPH  |9 3355 
655 7 |a časopisy pre ženy  |2 SNKPH  |9 70785 
700 1 |a Štrbková, Jana  |4 pbd  |9 265703 
910 |a savuk 
910 |a snk 
999 |c 1039  |d 2969 
952 |0 0  |1 0  |4 0  |7 0  |8 0  |a SNK  |b SNK  |d 2019-08-19  |i snk2019/21110  |l 0  |o snkČSB 7241/2010/1  |p 17A1369941  |r 2026-02-21 22:29:04  |t č. 12-31  |w 2026-02-21  |y PREZ 
952 |0 0  |1 0  |4 0  |7 0  |8 0  |a SNK  |b SNK  |d 2019-08-19  |i snk2019/21113  |l 0  |o snkČSB 7241/2010/1 D1  |p 17A1369940  |r 2026-02-21 22:29:04  |t č. 12-31, neúplné  |w 2026-02-21  |y PREZ  |z Chýba č. 20, 26 
952 |0 0  |1 0  |4 0  |7 0  |8 0  |a SNK  |b SNK  |d 2019-08-19  |i snk2019/21116  |l 0  |o snkČSB 7241/2010/2  |p 17A1369939  |r 2026-02-21 22:29:04  |t č. 32-52  |w 2026-02-21  |y PREZ 
952 |0 0  |1 0  |4 0  |7 0  |8 0  |a SNK  |b SNK  |d 2019-08-19  |i snk2019/21119  |l 0  |o snkČSB 7241/2010/2 D1  |p 17A1369938  |r 2026-02-21 22:29:04  |t č. 32-52, neúplné  |w 2026-02-21  |y PREZ  |z Chýba č. 40,44